000
00279nam a2200121Ia 4500
008
190216s9999||||xx |||||||||||||| ||und||
100
_a
Nikunj
245
0
_a
Hindi - Sathapuda Ke Aamsu
260
_b
Ganapathi Publication
_c
2008
300
_a
146
650
_a
Hindi
942
_c
BK
999
_c
16512
_d
16512